[Event "Lone Pine op"]
[Site "Lone Pine"]
[Date "1978.??.??"]
[Round "1"]
[White "Timman, Jan H"]
[Black "Seirawan, Yasser"]
[Result "0-1"]
[WhiteElo "2585"]
[BlackElo "2405"]

1.e4 e6 2.d4 d5 3.Nc3 Bb4 4.e5 Qd7 5.Bd2 b6 6.Nf3 Bf8 7.Be2 Ba6 8.O-O Ne7
9.Bxa6 Nxa6 10.Qe2 Nb8 11.Nd1 c5 12.dxc5 bxc5 13.c4 d4 14.Ne1 h5 15.Nd3 Nf5
16.f4 Qb7 17.N1f2 Nd7 18.Qe4 Qxe4 19.Nxe4 a5 20.g3 Be7 21.Kf2 Nh6 22.h3 f5
23.exf6 gxf6 24.Rae1 Kf7 25.Ke2 Rhg8 26.Kd1 Nf5 27.Rg1 Nb6 28.b3 a4 29.Ndxc5 axb3
30.axb3 Nxg3 31.Rxg3 Rxg3 32.Nxg3 Bxc5 33.f5 exf5 34.Nxf5 d3 35.Bc3 Ra3 36.Kd2 Rxb3
37.Ra1 Bb4 38.Ra7+ Kg6 39.Ne7+ Kg5 40.Bxb4 Nxc4+ 41.Ke1 Rxb4 42.Rd7 Rb1+
43.Kf2 Rb2+ 44.Kg1 d2  0-1

[Event "Lone Pine op"]
[Site "Lone Pine"]
[Date "1978.??.??"]
[Round "2"]
[White "Seirawan, Yasser"]
[Black "Zaltsman, Vitaly F"]
[Result "1-0"]
[WhiteElo "2405"]
[BlackElo "2440"]

1.c4 Nf6 2.Nc3 e6 3.e4 c5 4.f4 Nc6 5.Nf3 b6 6.g3 Bb7 7.d3 d6 8.Bg2 Be7 9.O-O O-O
10.h3 a6 11.Kh2 Rb8 12.b3 Ba8 13.Bb2 b5 14.Qe2 Nd7 15.Nd1 bxc4 16.dxc4 a5
17.Nc3 Nd4 18.Qd2 e5 19.Rae1 Bc6 20.Nxd4 exd4 21.Nd5 Bxd5 22.exd5 Bf6 23.Be4 g6
24.Bc2 a4 25.Bc1 axb3 26.axb3 Ra8 27.Qd3 Re8 28.Bd2 Qc7 29.Kg2 Kg7 30.g4 h6
31.g5 hxg5 32.fxg5 Be5 33.Re2 Nf8 34.Ref2 Re7 35.Bd1 Rae8 36.h4 Kg8 37.h5 Bh8
38.Qh3 Re3 39.Bxe3 Rxe3 40.Qh4 Be5 41.Rxf7 Qxf7 42.Rxf7 Kxf7 43.hxg6+ Kg8
44.Bg4 Bg7 45.Qf2 Nxg6 46.Be6+ Kh8 47.Qf7 Nh4+ 48.Kg1  1-0

[Event "Lone Pine op"]
[Site "Lone Pine"]
[Date "1978.??.??"]
[Round "3"]
[White "Seirawan, Yasser"]
[Black "Miles, Anthony J"]
[Result "1/2-1/2"]
[WhiteElo "2405"]
[BlackElo "2565"]

1.c4 b6 2.Nf3 Bb7 3.g3 c5 4.Bg2 g6 5.O-O Bg7 6.Nc3 Nf6 7.d4 Ne4 8.Nxe4 Bxe4
9.d5 O-O 10.Bh3 Bxf3 11.exf3 e6 12.Rb1 exd5 13.Qxd5 Nc6 14.Bg5 Bf6 15.Bh6 Re8
16.Rfe1 Nb4 17.Qd6 Bd4 18.Bxd7 Rxe1+ 19.Rxe1 Qf6 20.Qxf6 Bxf6 21.b3 Nxa2
22.Kf1 Nb4 23.Re8+ Rxe8 24.Bxe8 Nc2 25.Be3 Kf8 26.Ba4 Ke7 27.Ke2 Be5 28.Bb5 f6
29.Kd1 Nb4 30.Bd2 a6 31.Ba4 Na2 32.Bc6 Bc3 33.Bf4 Nb4 34.Ba4 Nd3 35.Bc6 Nxf4
36.gxf4 Ke6 37.Bb7 Kf5 38.Bxa6 Kxf4 39.Ke2 Be5 40.h3 f5 41.Bb7 Bf6 42.Bd5 g5
43.Bf7 Bb2 44.Be8 Ke5 45.Kd3 Bc1 46.Bf7 Bf4 47.Be8 Bh2 48.Ke3 Ke6 49.Kd3 Be5
50.Ke3 Bd4+ 51.Ke2 Ke5 52.Bf7 Kf4 53.Bh5 Bf6 54.Kd3 Be7 55.Ke2 Bd6 56.Kd2 Be5
57.Kd3 Bd4 58.Ke2  1/2-1/2

[Event "Lone Pine op"]
[Site "Lone Pine"]
[Date "1978.??.??"]
[Round "4"]
[White "Polugaevsky, Lev"]
[Black "Seirawan, Yasser"]
[Result "1-0"]
[WhiteElo "2620"]
[BlackElo "2405"]

1.c4 g6 2.d4 Bg7 3.e4 d6 4.Nc3 e5 5.Nf3 Bg4 6.d5 f5 7.h3 Bxf3 8.Qxf3 Ne7
9.h4 O-O 10.h5 fxe4 11.Qh3 Qc8 12.g4 Qe8 13.hxg6 Qxg6 14.Bg2 Rf3 15.Bxf3 exf3
16.Qh4 Bf6 17.Qh5 Nd7 18.Qxg6+ Nxg6 19.Be3 Rf8 20.Ne4 Be7 21.O-O-O Nf6 22.Nxf6+ Bxf6
23.g5 Bh8 24.Rdg1 c6 25.Rd1 c5 26.Rdg1 a6 27.Rg4 b5 28.b4 cxb4 29.cxb5 Ne7
30.g6 hxg6 31.bxa6 e4 32.Rxe4 Rc8+ 33.Kd2 Bc3+ 34.Kd3 Nxd5 35.Bd4 Bxd4 36.Rxd4 Rc3+
37.Ke4 Nf6+ 38.Kf4 Kf7 39.Rxd6 g5+ 40.Ke5 Rc5+ 41.Kd4 Ra5 42.Rh6  1-0

[Event "Lone Pine op"]
[Site "Lone Pine"]
[Date "1978.??.??"]
[Round "5"]
[White "Benko, Pal C"]
[Black "Seirawan, Yasser"]
[Result "1-0"]
[WhiteElo "2485"]
[BlackElo "2405"]

1.Nf3 Nf6 2.c4 c5 3.Nc3 d5 4.cxd5 Nxd5 5.e4 Nxc3 6.dxc3 Qxd1+ 7.Kxd1 Nc6
8.Be3 e6 9.Kc2 b6 10.Bb5 Bd7 11.a4 a6 12.Be2 Bd6 13.Nd2 Na5 14.Rhb1 O-O 15.b4 cxb4
16.cxb4 Nc6 17.b5 axb5 18.axb5 Nb4+ 19.Kb3 Bc5 20.Rc1 Rxa1 21.Rxa1 Rd8 22.Bxc5 bxc5
23.Kc3 Kf8 24.Nb3 Rc8 25.Ra7 Ke7 26.Kc4 Nc2 27.Nxc5 Rd8 28.Nxd7 Rxd7 29.Rxd7+ Kxd7
30.Kc3  1-0

[Event "Lone Pine op"]
[Site "Lone Pine"]
[Date "1978.??.??"]
[Round "6"]
[White "Seirawan, Yasser"]
[Black "Tarjan, James Edward"]
[Result "1-0"]
[WhiteElo "2405"]
[BlackElo "2510"]

1.c4 g6 2.g3 Bg7 3.Bg2 e5 4.Nc3 d6 5.Nf3 Nc6 6.O-O Nge7 7.d3 h6 8.Rb1 Be6
9.b4 Qd7 10.Re1 O-O 11.Nd2 Bh3 12.Bh1 Rab8 13.b5 Nd4 14.Qa4 a6 15.bxa6 Qxa4
16.Nxa4 bxa6 17.Nc3 Rxb1 18.Ndxb1 Rb8 19.e3 Kf8 20.Na3 Ne6 21.Nc2 Nc5 22.Rd1 Bg4
23.f3 Bf5 24.Ne1 e4 25.d4 exf3 26.Bxf3 Nd7 27.Ba3 Ke8 28.Be2 h5 29.Nf3 Bh6
30.e4 Bg4 31.Kg2 Nc6 32.Nd5 Kd8 33.c5 dxc5 34.dxc5 Bg7 35.Bc1 Bxf3+ 36.Bxf3 a5
37.Be2 f6 38.Bf4 Nce5 39.c6 Rb2 40.Kf1 Nxc6 41.Nxc7 g5 42.Bd6 Bf8 43.Ne6+ Ke8
44.Bxh5+  1-0

[Event "Lone Pine op"]
[Site "Lone Pine"]
[Date "1978.??.??"]
[Round "8"]
[White "Panno, Oscar"]
[Black "Seirawan, Yasser"]
[Result "1/2-1/2"]
[WhiteElo "2580"]
[BlackElo "2405"]

1.d4 g6 2.c4 Bg7 3.Nc3 d6 4.Nf3 e5 5.e4 Nc6 6.d5 Nce7 7.Bd3 f5 8.Ng5 Nf6
9.O-O O-O 10.Qb3 b6 11.f4 exf4 12.Rxf4 Nh5 13.Rf1 f4  1/2-1/2

[Event "Lone Pine op"]
[Site "Lone Pine"]
[Date "1978.??.??"]
[Round "9"]
[White "Seirawan, Yasser"]
[Black "Christiansen, Larry Mark"]
[Result "1/2-1/2"]
[WhiteElo "2405"]
[BlackElo "2500"]

1.c4 Nf6 2.Nc3 c6 3.e4 d5 4.e5 d4 5.exf6 dxc3 6.bxc3 exf6 7.d4 Bd6 8.Bd3 O-O
9.Ne2 c5 10.O-O Nc6 11.Be3 Bg4 12.Qb1 Qc7 13.h3  1/2-1/2

[Event "Schacknytts Jubileumsturnering"]
[Site "Malmo"]
[Date "1979.11.28"]
[Round "3"]
[White "Wedberg, Tom"]
[Black "Seirawan, Yasser"]
[Result "0-1"]
[WhiteElo "2425"]
[BlackElo "2485"]

1.e4 c6 2.d4 d5 3.Nd2 dxe4 4.Nxe4 Bf5 5.Ng3 Bg6 6.Nf3 Nd7 7.Bc4 e6 8.O-O Ngf6
9.a4 Be7 10.c3 O-O 11.a5 b5 12.axb6 axb6 13.Rxa8 Qxa8 14.Nh4 c5 15.Nxg6 hxg6
16.Be3 Rd8 17.Qe2 cxd4 18.Bxd4 Bc5 19.Rd1 Bxd4 20.Rxd4 Nc5 21.Rxd8+ Qxd8
22.Qc2 Qa8 23.Qd1 Kh7 24.Nf1 Ncd7 25.Bb5 Nc5 26.Bc4 Ncd7 27.Qd6 Qa4 28.b3 Qa1
29.Qd4 Nc5 30.f3 Qe1 31.Qe3 Qb1 32.Qd4 Qb2 33.Qd2 Qa3 34.Qc2 b5 35.Bxb5 Nxb3
36.Qf2 Kg8 37.Qb6 Qc1 38.Qd8+ Kh7 39.Qc7 Nd2 40.Qe5 Nd5 41.Qd4 Nxf1 42.Bxf1 Nxc3
43.Qh4+ Kg8 44.Qd8+ Kh7 45.Qh4+ Qh6 46.Qd4 Nd5 47.g3 Qg5 48.Kf2 Ne7 49.Be2 Nf5
50.Qd3 Qc1 51.Bd1 e5 52.Qc2 Qe3+ 53.Kf1 Qd4 54.Qc1 Ne3+ 55.Ke2 Nd5 56.Kf1 Nc3  0-1

[Event "Schacknytts Jubileumsturnering"]
[Site "Malmo"]
[Date "1979.11.29"]
[Round "4"]
[White "Kaiszauri, Konstanty"]
[Black "Seirawan, Yasser"]
[Result "0-1"]
[WhiteElo "2405"]
[BlackElo "2485"]

1.c4 c5 2.Nf3 Nf6 3.Nc3 e6 4.g3 b6 5.Bg2 Bb7 6.O-O d6 7.b3 Nbd7 8.Bb2 Be7
9.e3 O-O 10.d4 Ne4 11.Qc2 Nxc3 12.Bxc3 Qc7 13.Rad1 cxd4 14.Nxd4 a6 15.e4 Rac8
16.a4 Rfe8 17.Rfe1 Bf8 18.Qb2 Nc5 19.Re3 g6 20.Rde1 Bh6 21.f4 e5 22.Ne2 Bc6
23.Bd2 Qb7 24.b4 Nxa4 25.Qb3 b5 26.cxb5 axb5 27.Rd3 Bg7 28.Rxd6 Bxe4 29.Bxe4 Qxe4
30.Nc3 Rxc3 31.Bxc3 Qf3 32.Rd7 Rf8 33.Rc7 exf4 34.Rxf7 Qxc3 35.Rxf8+ Kxf8
36.Qe6 Bd4+ 37.Kg2 Be3 38.Re2 Qc4 39.Qf6+ Kg8 40.Qd8+ Kg7 41.Qe7+ Qf7 42.Qe5+ Kh6
43.Kf3 g5 44.h4 Qb7+ 45.Kg4 Qd7+ 46.Qf5 Qxf5+ 47.Kxf5 gxh4 48.gxf4 Bd4 49.Ke6 Nc3
50.Rh2 Kh5 51.f5 Ne4 52.f6 Nxf6 53.Kf5 Ng4 54.Rd2 h3  0-1

[Event "Schacknytts Jubileumsturnering"]
[Site "Malmo"]
[Date "1979.11.30"]
[Round "5"]
[White "Seirawan, Yasser"]
[Black "Schussler, Harry"]
[Result "1/2-1/2"]
[WhiteElo "2485"]
[BlackElo "2460"]

1.c4 b6 2.d4 e6 3.e4 Bb7 4.Bd3 f5 5.exf5 Bb4+ 6.Kf1 exf5 7.c5 bxc5 8.a3 c4
9.Bxc4 Bd6 10.Nc3 Nf6 11.Nf3 Qe7 12.Bg5 Kd8 13.Nh4 g6 14.d5 Bc5 15.Na4 Bxf2
16.Nf3 Bb6 17.Nxb6 axb6 18.d6 cxd6 19.Qd4 Rf8 20.Re1 Be4 21.Qxb6+ Ke8 22.Bf4 Nc6
23.Qc7 Ne5 24.Nxe5 dxe5 25.Bxe5 d5 26.Qc6+ Kf7 27.Bxf6 Qxf6 28.Bxd5+ Bxd5
29.Qxd5+ Kg7 30.Qe5 Qxe5 31.Rxe5 Rfb8 32.Re2 Rb3 33.Kf2 Rab8 34.Ra1 Rxb2
35.a4 Kf6 36.a5 R2b5 37.Rc2 Ra8 38.Rc6+ Ke5 39.a6 Ra7 40.Ra3 Kd5 41.Rf6  1/2-1/2

[Event "Schacknytts Jubileumsturnering"]
[Site "Malmo"]
[Date "1979.12.04"]
[Round "8"]
[White "Schmidt, Wlodzimierz"]
[Black "Seirawan, Yasser"]
[Result "1/2-1/2"]
[WhiteElo "2430"]
[BlackElo "2485"]

1.d4 Nf6 2.c4 e6 3.Nf3 b6 4.a3 c5 5.d5 Ba6 6.Qc2 exd5 7.cxd5 g6 8.Nc3 Bg7
9.e4 Bxf1 10.Kxf1 d6 11.Nd2 O-O 12.Nc4 a6 13.a4 Qc7 14.Bf4 Ne8 15.g3 Nd7
16.Kg2  1/2-1/2

[Event "Schacknytts Jubileumsturnering"]
[Site "Malmo"]
[Date "1979.12.05"]
[Round "9"]
[White "Seirawan, Yasser"]
[Black "Stean, Michael"]
[Result "1-0"]
[WhiteElo "2485"]
[BlackElo "2540"]

1.c4 Nf6 2.Nc3 e6 3.e4 c5 4.e5 Ng8 5.d4 cxd4 6.Qxd4 Nc6 7.Qe4 d6 8.Nf3 dxe5
9.Nxe5 Bd7 10.Nxd7 Qxd7 11.Bg5 Nf6 12.Qh4 Be7 13.Rd1 Qc7 14.Be2 O-O 15.O-O Rfd8
16.Qg3 Qxg3 17.hxg3 Nd4 18.Bf3 Nxf3+ 19.gxf3 Kf8 20.Kg2 Rac8 21.Rxd8+ Rxd8
22.Rd1 Rxd1 23.Nxd1 Ke8 24.Kf1 Kd7 25.Ke2 Kc6 26.Nc3 h6 27.Be3 a6 28.f4 h5
29.Bd4 Ne8 30.Ne4 g6 31.b3 Nd6 32.Ng5 Bxg5 33.fxg5 Ne4 34.Be3 Nc3+ 35.Kd3 Nxa2
36.Bd2 e5 37.b4 b5 38.f3 Kd6 39.c5+ Kd5 40.Kc2 Nxb4+ 41.Bxb4 a5 42.Bxa5 Kxc5
43.Kd3 Kd5 44.Bc3  1-0

[Event "Schacknytts Jubileumsturnering"]
[Site "Malmo"]
[Date "1979.12.07"]
[Round "11"]
[White "Seirawan, Yasser"]
[Black "Niklasson, Christer"]
[Result "0-1"]
[WhiteElo "2485"]
[BlackElo "2385"]

1.c4 f5 2.Nc3 Nf6 3.g3 g6 4.Bg2 Bg7 5.Nf3 O-O 6.O-O d6 7.d3 e5 8.Rb1 a5 9.a3 Nc6
10.b4 axb4 11.axb4 f4 12.b5 Ne7 13.c5 Kh8 14.Qb3 fxg3 15.hxg3 Nf5 16.Ba3 Qe7
17.cxd6 cxd6 18.Qb4 Re8 19.b6 Bd7 20.Rbc1 Bc6 21.e4 Nh6 22.d4 Nfg4 23.dxe5 Nxe5
24.Nxe5 Qxe5 25.Nd5 Ng4 26.Nf4 Rad8 27.Bf3 Qg5 28.Rfd1 Be5 29.Bb2 Qf6 30.Bxg4 Bxb2
31.Rc4 Be5 32.Nd5 Qg5 33.Bf3 Rf8 34.Bg2 Rxf2 35.Kxf2 Qxg3+ 36.Ke2 Qxg2+ 37.Kd3 Rf8
38.Ne3 Qg3 39.Re1 Rd8 40.Kc2 Qf2+ 41.Qd2 Qf7 42.Nd5 Ra8 43.Kb3 Ra6 44.Rb4 Qg8
45.Kc4 Bxd5+ 46.exd5 Ra3 47.Rxe5 Qc8+ 48.Kd4 dxe5+ 49.Kxe5 Qf5+ 50.Kd4 Qf6+
51.Kc4 Qf1+ 52.Kd4 Ra1 53.Kc3 Ra3+ 54.Kd4 Ra1 55.Kc3 Rd1 56.Qe3 Rxd5 57.Ra4 Qf6+
58.Kb3 Rb5+ 59.Rb4 Rxb4+ 60.Kxb4 Kg7 61.Ka5 h5 62.Qd2 Qf5+ 63.Kb4 Qe4+ 64.Ka5 h4
65.Qc3+ Kh6 66.Qc4 Qf5+ 67.Kb4 Kh5 68.Qc7 Qd5 69.Qh7+ Kg5 70.Qe7+ Kg4 71.Qe2+ Qf3
72.Qe6+ Kg3 73.Qe1+ Kh3 74.Qe8 g5 75.Kc5 g4 76.Qe6 Kh2 77.Qa2+ Qg2 78.Qb3 h3
79.Kd4 Qf2+ 80.Ke4 Qf3+ 81.Qxf3 gxf3 82.Kxf3 Kg1  0-1

[Event "Hastings7980"]
[Site "Hastings"]
[Date "1979.??.??"]
[Round "1"]
[White "Seirawan, Yasser"]
[Black "Andersson, Ulf"]
[Result "0-1"]
[WhiteElo "2485"]
[BlackElo "2560"]

1.c4 e6 2.Nc3 d5 3.cxd5 exd5 4.d4 c6 5.Bf4 Bf5 6.e3 Nd7 7.Nge2 Ngf6 8.f3 Nb6
9.g4 Be6 10.Ng3 Bd6 11.Bxd6 Qxd6 12.Qd2 O-O-O 13.O-O-O h5 14.g5 Ne8 15.Bd3 Qc7
16.b3 Nd6 17.Kb1 Kb8 18.Rc1 h4 19.Nge2 a6 20.Nf4 Qe7 21.g6 f6 22.Rhe1 Bc8
23.e4 dxe4 24.fxe4 Nb5 25.Bxb5 axb5 26.d5 b4 27.Qf2 bxc3 28.Qxb6 Qd6 29.Qf2 cxd5
30.Nxd5 Qe5 31.Nxc3 Be6 32.Rc2 Rc8 33.Na4 Rxc2 34.Qxc2 Rc8 35.Qd2 f5 36.Nb6 Rc6
37.Nd5 fxe4 38.Qf4 Qxf4 39.Nxf4 Bf5 40.Kb2 Bxg6 41.Rg1 Bf5 42.Rxg7 e3 43.Rg2 Be4
44.Re2 Rf6 45.Nh3 Rf3 46.Ng1 Rf2 47.Kc3 Bc6 48.a4 Kc7 49.Kd3 Kb6 50.b4 Rf1
51.Nh3 Ra1 52.Rxe3 Rxa4 53.Kc4 Ra2 54.Nf4 Rc2+ 55.Kd4 Rxh2 56.Re5 Rb2 57.Nd3 Rg2
58.Rh5 Rg4+ 59.Kc3 Bg2 60.Ne5 Rg3+ 61.Kd4 h3 62.Nc4+ Kc7 63.b5 Rg4+ 64.Kc5 Kd8
65.Nd6 Ke7 66.Rh6 Kf8 67.Kb6 Rf4 68.Nxb7 Kg7 69.Rxh3 Bxh3 70.Nd6 Kf6 71.Kc7 Rh4
72.b6 Rh7+ 73.Kb8 Ke5 74.Ne8 Bg2 75.Nc7 Kd6 76.Ka7 Kc6 77.Ka6 Rh1  0-1

[Event "Hastings7980"]
[Site "Hastings"]
[Date "1979.??.??"]
[Round "2"]
[White "Bellin, Robert"]
[Black "Seirawan, Yasser"]
[Result "0-1"]
[WhiteElo "2425"]
[BlackElo "2485"]

1.e4 c6 2.d4 d5 3.e5 Bf5 4.Ne2 e6 5.Ng3 Bg6 6.h4 h5 7.Be2 c5 8.f4 Nc6 9.dxc5 Bxc5
10.Bd3 Qb6 11.Rf1 Be7 12.Rh1 Nh6 13.Bxg6 fxg6 14.c3 Ng4 15.Qe2 O-O 16.Nd2 Bc5
17.Rf1 Ncxe5 18.Nb3 Bf2+ 19.Rxf2 Qxf2+ 20.Qxf2 Nd3+ 21.Ke2 Ndxf2 22.Bd2 e5
23.fxe5 Rae8 24.Bg5  0-1

[Event "Hastings7980"]
[Site "Hastings"]
[Date "1979.??.??"]
[Round "3"]
[White "Seirawan, Yasser"]
[Black "Short, Nigel D"]
[Result "0-1"]
[WhiteElo "2485"]
[BlackElo "2260"]

1.c4 c5 2.g3 Nc6 3.Bg2 g6 4.Nc3 Bg7 5.a3 d6 6.e3 Nh6 7.Nge2 Nf5 8.Rb1 a5
9.b3 h5 10.h3 e5 11.Bb2 h4 12.g4 Nfe7 13.d4 cxd4 14.exd4 O-O 15.d5 Nb8 16.b4 f5
17.gxf5 gxf5 18.Rg1 Na6 19.Ba1 axb4 20.axb4 Rf6 21.f4 Ng6 22.Bf3 Kh7 23.Bh5 Bh6
24.Bxg6+ Rxg6 25.Rxg6 Kxg6 26.fxe5 dxe5 27.d6 Be6 28.b5 Nc5 29.Nd5 Ra3 30.Bc3 Qg5
31.Ra1 Qg2 32.Rxa3 Qh1+ 33.Ng1 Qxg1+ 34.Ke2 Qg2+ 35.Ke1 Qg3+ 36.Ke2 Ne4 37.Qd3 Qg2+
38.Ke1 Bxd5 39.cxd5 Qg1+ 40.Qf1 Qe3+  0-1

[Event "Hastings7980"]
[Site "Hastings"]
[Date "1979.??.??"]
[Round "4"]
[White "Makarichev, Sergey"]
[Black "Seirawan, Yasser"]
[Result "1/2-1/2"]
[WhiteElo "2500"]
[BlackElo "2485"]

1.e4 c6 2.c4 d5 3.cxd5 cxd5 4.exd5 Qxd5 5.Nc3 Qd6 6.d4 Nf6 7.Bc4 e6 8.Nf3 Nc6
9.O-O Be7 10.Nb5 Qd8 11.Bf4 O-O 12.Bc7 Qd7 13.Ne5 Nxe5 14.dxe5 Ne8 15.Ba5 b6
16.Bc3 a6 17.Nd4 Nc7 18.Bb3 Bb7 19.Nf5 Nd5 20.Nxe7+ Qxe7 21.Bxd5 Bxd5 22.Qg4 Rfc8
23.Bb4 Qc7 24.Bc3 Qb7 25.Rfd1 Rc4 26.Rd4 Rac8 27.Rxc4 Rxc4 28.Qg3 Qc7 29.a3 b5
30.h3 a5 31.Re1  1/2-1/2

[Event "Hastings7980"]
[Site "Hastings"]
[Date "1979.??.??"]
[Round "6"]
[White "Zilber, Israel"]
[Black "Seirawan, Yasser"]
[Result "1/2-1/2"]
[WhiteElo "2410"]
[BlackElo "2485"]

1.d4 g6 2.Nf3 Bg7 3.g3 d6 4.Bg2 Nf6 5.O-O O-O 6.c3 Nbd7 7.Nbd2 e5 8.dxe5 dxe5
9.Nc4 e4 10.Ng5 Qe7 11.b3 h6 12.Ba3 c5 13.Nh3 b6 14.Qc2 Ne5 15.Nxe5 Qxe5
16.c4 Bf5 17.Bb2 Qe7 18.Nf4 e3 19.Qc3 Nh5 20.Nd5 exf2+ 21.Rxf2 Qg5 22.Qxg7+ Nxg7
23.Bf6 Qd2 24.Bc3 Qc2 25.e4 Qxf2+ 26.Kxf2 Be6 27.Nf6+ Kh8 28.a4 a6 29.Be5 Rfd8
30.Ke3 Ra7 31.g4 Re7 32.Bc3 b5 33.axb5 axb5 34.cxb5 Rb7 35.Ba5 Rdb8 36.b6 Ne8
37.Nxe8 Rxe8 38.e5 Rbe7 39.Rc1 Bd5 40.Bxd5 Rxe5+ 41.Kd3 Rxd5+ 42.Kc4 Rg5
43.h3 Kg8 44.Rd1 Rge5 45.Rd7 Re3 46.b7 R8e4+ 47.Kxc5 Rxb3 48.Rd8+ Kh7 49.b8=Q Rxb8
50.Rxb8 Re5+ 51.Kb6 Re3 52.Rc8 Rxh3 53.Bc3 g5 54.Rh8+ Kg6 55.Rg8+ Kh7 56.Rg7+ Kh8
57.Be5 Re3 58.Rxg5+ Kh7 59.Rf5 Kg6 60.Kc5 Re4 61.Rf6+ Kg5 62.Kd5 Rxg4 63.Rxf7 Ra4
64.Bd4 Kg4 65.Ke4 Rb4 66.Rg7+ Kh4 67.Ke3 Kh5 68.Rg1 Ra4 69.Ke4 Kh4 70.Ke5 Kh3
71.Rh1+ Kg2 72.Rxh6 Kf3 73.Rf6+ Kg4 74.Ke4 Kg5 75.Rf7 Kg4 76.Rg7+ Kh4 77.Ke5 Kh3
78.Rg8 Rb4 79.Bf2 Rg4 80.Rh8+ Kg2 81.Bd4 Kf3 82.Rf8+ Kg3 83.Kd5 Kh4 84.Rf3 Kg5
85.Bf6+ Kg6 86.Ke6 Rg2 87.Rf4 Re2+ 88.Be5 Kg5 89.Rf3 Re4 90.Rf8 Kg4 91.Rg8+ Kf3
92.Kf5 Ra4 93.Rg3+ Kf2 94.Rc3 Ke2 95.Bf4 Ra8 96.Re3+ Kf2 97.Rd3 Ke2 98.Rd4 Kf3
99.Rd3+ Ke2 100.Rc3 Kf2 101.Kg4 Rg8+ 102.Bg5 Ke2 103.Re3+ Kd1 104.Rc3 Ke2  1/2-1/2

[Event "Hastings7980"]
[Site "Hastings"]
[Date "1979.??.??"]
[Round "7"]
[White "Seirawan, Yasser"]
[Black "Giorgadze, Tamaz"]
[Result "1/2-1/2"]
[WhiteElo "2485"]
[BlackElo "2535"]

1.c4 e6 2.Nc3 d5 3.d4 Be7 4.cxd5 exd5 5.Bf4 c6 6.Qc2 g6 7.e3 Bf5 8.Bd3 Bxd3
9.Qxd3 Nf6 10.Nf3 Nbd7 11.O-O O-O 12.a3 a5 13.Rab1 a4 14.Qc2 Qa5  1/2-1/2

[Event "Hastings7980"]
[Site "Hastings"]
[Date "1979.??.??"]
[Round "9"]
[White "Raicevic, Vladimir"]
[Black "Seirawan, Yasser"]
[Result "0-1"]
[WhiteElo "2440"]
[BlackElo "2485"]

1.c4 Nf6 2.g3 c6 3.Nf3 d5 4.b3 Bf5 5.Bb2 e6 6.Bg2 Be7 7.O-O O-O 8.d3 h6 9.Nbd2 a5
10.a3 Nbd7 11.Qc2 Qb8 12.Bc3 Bh7 13.Qb2 b5 14.cxd5 cxd5 15.Ne5 Bxa3 16.Rxa3 b4
17.Nxd7 Nxd7 18.Bxb4 axb4 19.Rxa8 Qxa8 20.Qd4 Rb8 21.Ra1 Qc6 22.Nc4 Bg6 23.Ra7 Qc8
24.Na5 Qc1+ 25.Bf1 Nf6 26.h3 Rc8 27.Qxb4 Qd1 28.Rc7 Rxc7 29.Qb8+ Ne8 30.Qxe8+ Kh7
31.Nc6 h5 32.h4 Bf5 33.Kg2 Bh3+ 34.Kxh3 Qxf1+ 35.Kh2 Qxf2+ 36.Kh3 Qf1+  0-1

[Event "Hastings7980"]
[Site "Hastings"]
[Date "1979.??.??"]
[Round "10"]
[White "Seirawan, Yasser"]
[Black "Mestel, A Jonathan"]
[Result "1-0"]
[WhiteElo "2485"]
[BlackElo "2475"]

1.c4 g6 2.Nc3 Bg7 3.g3 e5 4.Bg2 f5 5.d3 Nf6 6.Nf3 d6 7.O-O O-O 8.Rb1 c6 9.b4 h6
10.c5 dxc5 11.Nxe5 cxb4 12.Qb3+ Kh7 13.Qxb4 Na6 14.Qa3 Re8 15.Nf7 Qd4 16.e3 Qd7
17.Nd6 Rd8 18.Nxc8 Raxc8 19.d4 Ne8 20.Rd1 Nd6 21.Bf1 c5 22.dxc5 Rxc5 23.Bb2 Qc6
24.Na4 Bxb2 25.Nxb2 Re8 26.Nd3 Rc3 27.Qa5 Ne4 28.Ne5  1-0

[Event "Hastings7980"]
[Site "Hastings"]
[Date "1979.??.??"]
[Round "11"]
[White "Christiansen, Larry Mark"]
[Black "Seirawan, Yasser"]
[Result "1/2-1/2"]
[WhiteElo "2475"]
[BlackElo "2485"]

1.c4 c5 2.Nf3 Nf6 3.Nc3 e6 4.e3 d5 5.cxd5 exd5 6.d4 a6 7.Be2 c4 8.b3 b5 9.bxc4 dxc4
10.Ne5 Bb7 11.O-O Bb4 12.Bd2 O-O 13.Rb1  1/2-1/2

[Event "Hastings7980"]
[Site "Hastings"]
[Date "1979.??.??"]
[Round "13"]
[White "Liberzon, Vladimir M"]
[Black "Seirawan, Yasser"]
[Result "1/2-1/2"]
[WhiteElo "2515"]
[BlackElo "2485"]

1.e4 c6 2.d4 d5 3.exd5 cxd5 4.c4 Nf6 5.Nc3 Nc6 6.Bg5 e6 7.Nf3 Be7 8.c5 Ne4
9.Bxe7 Qxe7 10.Bb5 Nxc3 11.bxc3 Bd7 12.O-O O-O 13.Rb1 b6 14.cxb6 axb6 15.Bxc6 Bxc6
16.Rxb6 Rfc8 17.Qd2 Qa3 18.Rc1 Qxa2 19.Qxa2 Rxa2 20.Ne5 Be8 21.Nd3 Rd2 22.Nc5 e5
23.Rb4 f6 24.h4 Ra8 25.dxe5 fxe5 26.Re1 e4 27.Rd4 Rxd4 28.cxd4 Ra2 29.f3  1/2-1/2

[Event "Hastings7980"]
[Site "Hastings"]
[Date "1979.??.??"]
[Round "14"]
[White "Seirawan, Yasser"]
[Black "Biyiasas, Peter"]
[Result "1/2-1/2"]
[WhiteElo "2485"]
[BlackElo "2485"]

1.c4 g6 2.Nc3 Bg7 3.g3 d6 4.Bg2 e5 5.d3 Nc6 6.Rb1 Nf6 7.b4 O-O 8.Nf3 Bg4
9.h3 Bf5 10.e4 Bd7 11.O-O Qe7 12.Bg5 Qe8 13.Qc1 Rc8 14.Qa3 a6 15.b5 axb5
16.cxb5 Nd8 17.d4 exd4 18.Nxd4 Ne6 19.Nxe6 Bxe6 20.Rfe1 Ra8 21.Qb4 Nd7 22.Nd5 Bxd5
23.exd5 Qc8 24.Qc4 b6 25.Be3 Ra3 26.Bc1 Ra7 27.Be3 Ra3 28.Bc1 Ra7 29.Be3 Nc5
30.Bxc5 dxc5 31.Re2 Bd4 32.a4 Qd8 33.Bf3 Qd6 34.Kg2 Rfa8 35.Ra2 Re8 36.Re2 Rxe2
37.Bxe2 Ra8 38.Bf3 Re8 39.Qf1 Re5 40.h4 Rf5 41.Qd3 h5 42.Re1 Qf6 43.Rc1 Kf8
44.Rc2 Kg7 45.Rd2 Kf8 46.Rc2 Re5 47.Re2 Rxe2 48.Qxe2 Bc3 49.Qe4 Bd4 50.Qe2 Be5
51.Be4 Bd6 52.Bd3 Qd4 53.Bc4 Kg7 54.Qd3 Qa1 55.Bb3 Qe1 56.Qf3 Qb4 57.Qe3 Kf8
58.Qd3 Qe1 59.Qf3 Ke7 60.Qd3 Qe5 61.Kf3 Qf6+ 62.Kg2 Be5 63.Qe4 Kf8 64.Qf3 Qd6
65.Bc4 Kg7 66.Qe2 Kg8 67.Qe1 Qf6 68.Qe4 Bd6 69.Qf3 Qd4 70.Qd3 Qg4 71.Qe2 Qf5
72.Qd3 Qf6 73.Qf3 Qa1 74.Bb3 Qc1 75.Qd3 Kg7 76.Bc4 Qb2 77.Bb3 Be5 78.d6 Bxd6
79.Qd5 Qf6 80.f4 Qe7 81.Bc4 Qf8 82.Kh2 f6 83.Kg2 Kh6 84.Kf2 Be7 85.Kg2 Qd8
86.Qf7 Qd2+ 87.Kf3 Qc3+ 88.Kg2 Qd2+ 89.Kf3 Qd8 90.Kg2 Qf8 91.Qe6 Bd6 92.Kf2 Qe7
93.Qg8 Qg7 94.Qe6 f5 95.Qg8 Qf6 96.Bf7 Be7 97.Kg2 Qg7 98.Qxg7+ Kxg7 99.Bc4 Bf6
100.Kf3 Bd4 101.Kg2 Kf6 102.Kf3  1/2-1/2

[Event "Hastings7980"]
[Site "Hastings"]
[Date "1979.??.??"]
[Round "15"]
[White "Stean, Michael"]
[Black "Seirawan, Yasser"]
[Result "1/2-1/2"]
[WhiteElo "2540"]
[BlackElo "2485"]

1.Nf3 Nf6 2.c4 c5 3.Nc3 e6 4.g3 b6 5.Bg2 Bb7 6.O-O Be7 7.b3 O-O 8.Bb2 a6
9.e3 d6 10.Qe2 Nbd7 11.Rfd1 Re8 12.d4 cxd4 13.exd4 Bf8 14.Qd2 g6 15.d5 e5
16.Ne1 a5 17.Nc2 Nh5  1/2-1/2

[Event "Lone Pine op"]
[Site "Lone Pine"]
[Date "1979.??.??"]
[Round "1"]
[White "Whitehead, Paul A"]
[Black "Seirawan, Yasser"]
[Result "0-1"]
[WhiteElo "2365"]
[BlackElo "2485"]

1.e4 e6 2.d4 d5 3.Nc3 Bb4 4.e5 Qd7 5.Bd2 b6 6.Nf3 Ne7 7.a4 h6 8.h4 Nbc6 9.Bd3 Bb7
10.Ne2 Bxd2+ 11.Qxd2 O-O-O 12.b4 f6 13.a5 fxe5 14.dxe5 Rdf8 15.Ned4 Nxd4
16.Nxd4 c5 17.bxc5 bxc5 18.Qc3 c4 19.Rb1 Nc6 20.a6 Ba8 21.Nxc6 Qxc6 22.Be2 Qc5
23.Qg3 d4 24.O-O g5 25.Qg4 Bd5 26.hxg5 hxg5 27.Bf3 Rf4 28.Bxd5 Rxg4 29.Bxe6+ Kd8
30.Bxg4 Qxe5 31.g3 Qd6 32.Rb7 Qe5 33.Rfb1 d3 34.cxd3 c3 35.Rb8+ Ke7 36.R1b7+ Kd6
37.Rd7+ Kc6 38.Rb1 c2 39.Rf1 Qc3 40.d4 c1=Q 41.d5+ Kb6  0-1

[Event "Lone Pine op"]
[Site "Lone Pine"]
[Date "1979.??.??"]
[Round "2"]
[White "Seirawan, Yasser"]
[Black "Larsen, Bent"]
[Result "1-0"]
[WhiteElo "2485"]
[BlackElo "2620"]

1.c4 f5 2.Nc3 Nf6 3.g3 e5 4.Bg2 Be7 5.Nf3 d6 6.O-O O-O 7.d3 Kh8 8.Rb1 a5
9.a3 Qe8 10.c5 a4 11.cxd6 Bxd6 12.Nd2 Ra7 13.Nc4 Bc5 14.b3 axb3 15.Qxb3 Nc6
16.e3 Na5 17.Qb5 Qe7 18.Nxa5 Bd7 19.Qb3 Rxa5 20.Qxb7 Qd6 21.Rd1 Bxa3 22.d4 exd4
23.Rxd4 Qc5 24.Bd2 Ra7 25.Qb3 Qe7 26.Nb5 Bxb5 27.Qxb5 Qe6 28.Qb8 Bc5 29.Rd8 Qg8
30.Rxf8 Qxf8 31.Qxf8+ Bxf8 32.Rb8 Kg8 33.Bb4 Ra1+ 34.Bf1 c5 35.Bc3 Rd1 36.Kg2 Kf7
37.Bc4+ Ke7 38.Bxf6+ gxf6 39.Rb7+ Rd7 40.Rb6 Rd6 41.Rb5 Rc6 42.Rb7+ Kd6 43.Rxh7 Rb6
44.Bd3 Rb2 45.Rh4 Kd5 46.Bxf5 c4 47.Rd4+ Kc5 48.Be6 Rb4 49.Kf3 c3 50.Rd8 Rb6
51.Bf5 Be7 52.Rd7 Bd6 53.h4 Rb2 54.Rd8 Kc6 55.Rc8+ Bc7 56.Rf8 c2 57.Rxf6+ Bd6
58.Bxc2 Rxc2 59.g4 Kd7 60.h5 Be7 61.Rf5 Bh4 62.Kg2 Ke6 63.h6 Bf6 64.e4 Bd4
65.Kg3 Re2 66.f3 Be5+ 67.Rxe5+  1-0

[Event "Lone Pine op"]
[Site "Lone Pine"]
[Date "1979.??.??"]
[Round "3"]
[White "Gheorghiu, Florin"]
[Black "Seirawan, Yasser"]
[Result "1/2-1/2"]
[WhiteElo "2540"]
[BlackElo "2485"]

1.d4 Nf6 2.c4 e6 3.Nf3 b6 4.a3 c5 5.e3 Bb7 6.Nc3 Be7 7.d5 exd5 8.cxd5 d6
9.e4 O-O 10.Nd2 Re8 11.Be2 Ba6 12.O-O Bf8 13.f3 Bxe2 14.Qxe2 a6 15.a4 Nbd7
16.Nc4 Ne5 17.b3 g6 18.Kh1 Bg7 19.Bd2 Nxc4 20.bxc4 Nd7 21.Rae1 f5 22.Qd1 Ne5
23.Qb3 Qh4 24.g3 Qf6 25.Re2  1/2-1/2

[Event "Lone Pine op"]
[Site "Lone Pine"]
[Date "1979.??.??"]
[Round "4"]
[White "Sosonko, Gennadi"]
[Black "Seirawan, Yasser"]
[Result "1/2-1/2"]
[WhiteElo "2535"]
[BlackElo "2485"]

1.d4 Nf6 2.c4 e6 3.g3 c5 4.Nf3 b6 5.d5 exd5 6.cxd5 d6 7.Nc3 g6 8.Bg2 Bg7
9.O-O O-O 10.Re1 Re8 11.Bf4 a6 12.a4 Ra7 13.e4 Bg4 14.e5 Nh5 15.exd6 Rxe1+
16.Qxe1 Nxf4 17.gxf4 Bxf3 18.Bxf3 Qxd6 19.Qe8+ Qf8 20.Re1 Bxc3 21.bxc3 Rd7
22.c4 Rd8 23.Qe5 Rd6 24.f5  1/2-1/2